| 000 | 00920nas a2200301 4500 | ||
|---|---|---|---|
| 001 | BR0901354 | ||
| 003 | BR-BrBNA | ||
| 005 | 20231205113208.0 | ||
| 007 | ta | ||
| 008 | 230509b bl.|||p| |||| 00| 00por d | ||
| 040 |
_aBR-BrBNA _bpor _cBiblioteca Nacional de Agricultura |
||
| 041 | _a(Pt) | ||
| 072 | _aL73 | ||
| 100 | 1 | _aSantos, L. se A. dos | |
| 100 | 1 | _aPinto, P.S. de A. | |
| 100 | 1 | _aMoraes, M.P. | |
| 100 | 1 | _aVanetti, M.C.D. | |
| 100 | 1 | _aBevilacqua, P.D. | |
| 100 | 1 | _aPinto, M.S. | |
| 100 | 1 | _aDias, F.S. | |
| 245 | 1 | _aDetecção de listeria monocytogenes como subsídio à determinação de pontos críticos de controle no abate de suínos. | |
| 650 | _aSUÍNO | ||
| 650 | _aDOENÇA ANIMAL | ||
| 650 | _aABATE | ||
| 773 | 0 |
_tBioscience Journal (Brazil) _xISSN 1516-3725 _g(May-Aug 2005), v. 21(2) p. 131-135 _wBR0901354 |
|
| 909 |
_a202311 _bLúcia _c55 _dLúcia Elande |
||
| 942 |
_2AGRIS _n0 _cANA |
||
| 999 |
_c202404 _d202404 |
||